000 00520nam a22001697a 4500
999 _c8551
_d8551
008 201202b ||||| |||| 00| 0 eng d
040 _aBMS College of Architecture
100 _aJohn, Joseph Nithin
245 _aMeditation and wellness centre
300 _a37p.
500 _a1BM13AT050
502 _8B,Arch
_NBMS College of Architecture, Visvesvaraya Technological University (VTU)
_aProject report
_d2017
650 _aNA
700 _aPraveen Upadhya
_eGuide
700 _aSayee Deodhar
_eGuide
942 _2ddc
_cTHE